000 00379nam a2200145Ia 4500
008 231217s9999 xx 000 0 und d
041 _aEnglish
082 _a025.5 RON;1 R
100 _aRonam, Jana Smith
245 0 _aChat reference : a guide to live virtual reference services
260 _c2003
_aWestport
300 _ax+225
650 _aChat,:,virtual
942 _cAA
999 _c175402
_d175402